Loading...

Concept-based curriculum and instruction for the thinking classroom /

Bibliographic Details
Main Author: Erickson, H. Lynn
Other Authors: Lanning, Lois A., French, Rachel
Format: Printed Book
Published: California Corwin 2017
Edition:2
Subjects:
LEADER 00671cam a2200205 i 4500
999 |c 57545  |d 57545 
020 |a 9781506355399 
082 0 0 |a 375.001  |b ERI/C 
100 1 |a Erickson, H. Lynn, 
245 1 0 |a Concept-based curriculum and instruction for the thinking classroom / 
250 |a 2 
260 |a California  |b Corwin  |c 2017 
300 |a xix, 225 pages ; 
650 0 |a Curriculum planning 
650 0 |a Education 
650 0 |a Interdisciplinary approach in education 
700 1 |a Lanning, Lois A., 
700 1 |a French, Rachel, 
942 |c BK 
952 |0 0  |1 0  |4 0  |6 375_001000000000000_ERI_C  |7 0  |9 64595  |a KUCL  |c Stack  |d 2019-06-21  |l 0  |o 375.001 ERI/C  |p 48500  |r 2019-06-21  |w 2019-06-21  |y BK